000 00520nam a2200181Ia 4500
008 100917s9999 xx 000 0 und d
082 _b45437
100 _aमराठे प्र. द.
245 _aअंधारपुत्र
260 _bनिशांत प्रकाशन
_c1976
300 _a153
365 _b12
520 _aकादंबरी
630 _aअंधारपुत्र
650 _aकादंबरी
730 _aअंधारपुत्र
942 _cBOOK
999 _c650831
_d650828